000 01341nam a2200481 a 4500
003 AR-BaBNM
005 20251128204240.0
008 082120s2002 ||||||||||||||000 | spa||
020 _a84-206-8053-2
040 _cAR-BaBNM
100 1 _aValdeavellano, Luis G. de
245 0 0 _aCurso de historia de las instituciones españolas
_bde los orígenes al final de la Edad Media
250 _a7ª ed.
260 _aMadrid
_bAlianza Editorial
_c1984
300 _axiii, 762 p.
490 0 _aAlianza Universidad Textos
_vv. 53
500 _aIncluye información sobre fuentes en p. 3-25
504 _aBibliografía en p. 29-94
650 4 _aHISTORIA ANTIGUA
650 4 _aHISTORIA MEDIEVAL
650 4 _aEDAD MEDIA
650 4 _aANTIGUEDAD
650 4 _aHISTORIA INSTITUCIONAL
650 4 _aHISTORIA CONSTITUCIONAL
650 4 _aHISTORIA SOCIAL
650 4 _aHISTORIA POLITICA
650 4 _aINSTITUCIONES POLITICAS
650 4 _aESTRUCTURA SOCIAL
650 4 _aVIDA ECONOMICA
650 4 _aFEUDALISMO
650 4 _aHACIENDA PUBLICA
650 4 _aADMINISTRACION DE JUSTICIA
650 4 _aEJERCITOS
650 4 _aESTADO
650 4 _aADMINISTRACION
650 4 _aMONARQUIA
650 4 _aCRISTIANOS
650 4 _aMUSULMANES
650 4 _aISLAM
651 4 _aEspaña
942 _cBK
998 _cmariana
999 _c6709
_d6709